Učebný text: Pulzné zváranie a pulzné zváranie MIG : Záverečná práca

Salvato in:
Dettagli Bibliografici
Autore principale: Vonderčíková, Ivana (Autore)
Altri autori: Hambalík, Alexander (xxx)
Natura: Manoscritto Libro
Lingua:slovacco
Pubblicazione: Trnava : STU v Bratislave MtF KIPP, 2002
Soggetti:
Tags: Aggiungi Tag
Nessun Tag, puoi essere il primo ad aggiungerne!!

MARC

LEADER 00000ntm a22000003a 4500
001 stu79348
005 20160719154931.8
008 030227s2002----xo------------------slo-d
040 |a STU  |b slo 
041 0 |a slo 
044 |a xo 
100 1 |a Vonderčíková, Ivana  |4 aut 
245 1 |a Učebný text: Pulzné zváranie a pulzné zváranie MIG :  |b Záverečná práca 
260 |a Trnava :  |b STU v Bratislave MtF KIPP,  |c 2002 
300 |a 48 s 
650 7 |a učebné texty  |2 stusub 
650 7 |a pulzné zváranie  |2 stusub 
650 7 |a inžinierska pedagogika  |2 stusub 
700 1 |a Hambalík, Alexander  |4 xxx  |u M220  |U MTF Ústav inžinierskej pedagogiky a humatitných vied  |T MTF Katedra inžinierskej pedagogiky a psychológie  |U M220  |Y M220 
996 |b 284M061213  |c M*ZP-113  |l MMSKP  |s P  |a 0  |w stu79348_0001